| 000 -LEADER |
| fixed length control field |
03273cam a2200397 i 4500 |
| 001 - CONTROL NUMBER |
| control field |
17758936 |
| 005 - DATE AND TIME OF LATEST TRANSACTION |
| control field |
20170116115619.0 |
| 008 - FIXED-LENGTH DATA ELEMENTS--GENERAL INFORMATION |
| fixed length control field |
130531s2014 enka b 001 0 eng |
| 010 ## - LIBRARY OF CONGRESS CONTROL NUMBER |
| LC control number |
2013015854 |
| 020 ## - INTERNATIONAL STANDARD BOOK NUMBER |
| International Standard Book Number |
9781107025547 (hardback : alkaline paper) |
| 040 ## - CATALOGING SOURCE |
| Original cataloging agency |
DLC |
| Language of cataloging |
eng |
| Transcribing agency |
DLC |
| Description conventions |
rda |
| 042 ## - AUTHENTICATION CODE |
| Authentication code |
pcc |
| 050 00 - LIBRARY OF CONGRESS CALL NUMBER |
| Classification number |
HD9560.5 |
| Item number |
.R48 2014 |
| 100 ## - MAIN ENTRY--PERSONAL NAME |
| Personal name |
[edited by Lindoe,Preben Hempel] |
| 245 00 - TITLE STATEMENT |
| Title |
Risk governance of offshore oil and gas operations / |
| Statement of responsibility, etc. |
edited by Preben Hempel Lindøe (University of Stavanger), Michael Baram (Boston University Law School), Ortwin Renn (University of Stuttgart) |
| 260 ## - PUBLICATION, DISTRIBUTION, ETC. (IMPRINT) |
| Place of publication, distribution, etc. |
New York : |
| Name of publisher, distributor, etc. |
Cambridge University Press, |
| Date of publication, distribution, etc. |
c2014 |
| 300 ## - PHYSICAL DESCRIPTION |
| Extent |
xvi, 434 pages : |
| Other physical details |
illustrations ; |
| Dimensions |
24 cm |
| 504 ## - BIBLIOGRAPHY, ETC. NOTE |
| Bibliography, etc |
Includes bibliographical references and index. |
| 505 0# - FORMATTED CONTENTS NOTE |
| Formatted contents note |
A Generic Model for Risk Governance : Concept and Application to Technological Installations / Ortwin Renn -- Modes of Risk Regulation for Prevention of Major Industrial Accidents / Michael Baram and Preben H. Lindøe -- Values and Norms : a Basis for a Safety Culture / Kathryn Mearns -- Optimising Offshore Health and Safety Inspections : How the Markets Could Help / Emre Emre Üşenmez -- Safety regulation on the Norwegian Continental Shelf / Knut Kaasen -- Health and Safety Regulation on the UKCS : Evolution and Future Prospects / John Paterson -- Preventing Accidents in Offshore Oil and Gas : the U.S. Regulatory Regime / Michael Baram -- A New Policy Direction in Australian Offshore Safety Regulation / Jan Hayes -- Safety Indicators Used by Authorities in the Petroleum Industry of UK, US and Norway / Helene Cecilie Blakstad -- Governmental Enforced Self-Regulation : The Norwegian Case / Paul Bang and Olaf Thuestad -- Contested Terrains in Risk Regulation : Legitimacy Challenges in Implementation Processes / Jacob Kringen -- Boxing and Dancing : Tripartite Collaboration as an Integral Part of a Regulatory Regime / Ragnar Rosness and Ulla Forseth -- Emergent Risk and New Technologies / Ole Andreas Engen -- Near Major Accidents : a Challenge for Regulator and the Regulated / Ole Andreas Engen -- Inspections, Independence and Intelligence / Helge Ryggvik -- Advancing Robust Regulation : Reflections and Lessons to be Learned / Andrew Hale. |
| 650 #0 - SUBJECT ADDED ENTRY--TOPICAL TERM |
| Topical term or geographic name as entry element |
Offshore oil industry |
| General subdivision |
Risk management. |
| 650 #0 - SUBJECT ADDED ENTRY--TOPICAL TERM |
| Topical term or geographic name as entry element |
Offshore gas industry |
| General subdivision |
Risk management. |
| 650 #0 - SUBJECT ADDED ENTRY--TOPICAL TERM |
| Topical term or geographic name as entry element |
Offshore oil industry |
| General subdivision |
Safety measures. |
| 650 #0 - SUBJECT ADDED ENTRY--TOPICAL TERM |
| Topical term or geographic name as entry element |
Offshore gas industry |
| General subdivision |
Safety measures. |
| 650 #0 - SUBJECT ADDED ENTRY--TOPICAL TERM |
| Topical term or geographic name as entry element |
Offshore oil industry |
| General subdivision |
Government policy. |
| 650 #0 - SUBJECT ADDED ENTRY--TOPICAL TERM |
| Topical term or geographic name as entry element |
Offshore gas industry |
| General subdivision |
Government policy. |
| 700 1# - ADDED ENTRY--PERSONAL NAME |
| Personal name |
Lindøe, Preben Hempel. |
| 700 1# - ADDED ENTRY--PERSONAL NAME |
| Personal name |
Baram, Michael S. |
| 700 1# - ADDED ENTRY--PERSONAL NAME |
| Personal name |
Renn, Ortwin. |
| 942 ## - ADDED ENTRY ELEMENTS (KOHA) |
| Source of classification or shelving scheme |
|
| Koha item type |
Hard Covered Materials |
| Classification part |
HD9560.5 .R48 2014 |